Score 0/20 Timer 01:30
1 Play Today
% Correct
Anatomy
96.2%
Tuck
92.3%
Nurse
90.1%
Hospital
89.3%
Doogie
88.4%
Quinn
86.5%
Practice
86.2%
Murder
85.6%
Northern
82.5%
St.
81.5%
% Correct
Chicago
79%
Medical
78.7%
House
77%
Pains
77%
Welby
73.2%
John
72.5%
Medicine
71.8%
Ben
71.3%
Quincy
70.4%
Third
69.6%

Today's Daily Dose

Quick Pick
Colorful Movies

Get the Picture
Dog Breeds II

Remove Ads.
Support Sporcle.
Get the best of Sporcle when you Go Orange. This ad-free experience offers more features, more stats, and more fun while also helping to support Sporcle. Thank you for becoming a member.

You're not logged in!

Compare scores with friends on all Sporcle quizzes.
OR
Log In

Show Comments

Extras

Top Quizzes Today


Score Distribution

Your Account Isn't Verified!

In order to create a playlist on Sporcle, you need to verify the email address you used during registration. Go to your Sporcle Settings to finish the process.

Report this User

Report this user for behavior that violates our Community Guidelines.

Details: